| 000 | 00352nam a2200133Ia 4500 | ||
|---|---|---|---|
| 008 | 210210b1974 xxu||||| |||| 00| 0 eng d | ||
| 082 | _a940.2 ISHH | ||
| 100 | _aISHWARI PRASAD. | ||
| 245 | _aHistory of modern Europe 1453-1789. | ||
| 260 |
_aAllahabad. _bChuch Publications., _c1974 |
||
| 300 | _a11,394 | ||
| 690 | _aEuropean History | ||
| 906 | _a031609 | ||
| 999 |
_c82679 _d82679 |
||